| 000 | 00699nam a2200253Ia 4500 | ||
|---|---|---|---|
| 001 | 41412 | ||
| 005 | 20240114003419.0 | ||
| 007 | ta | ||
| 008 | 080319s2004 g b000 u asm u | ||
| 020 | _cHB | ||
| 040 | _aCotton College,Assam | ||
| 041 | _aasm | ||
| 082 |
_a491.41 _bPa 127 As |
||
| 100 | _aPatgiri, Dipti Phukan . | ||
| 245 | 0 |
_aAsamiya Bangla Aru Oriya Bhasa / _cDipti Phukan Patgiri. _hTextual Documents |
|
| 250 | _aIst ed / | ||
| 260 |
_aGuwahati : _bBanalata , _c2004. |
||
| 300 |
_a166pg ; _c22cm. |
||
| 500 | _aIssues to the Assamese (Deptt) | ||
| 653 | _alanguage-Assamese Bangali Oriya Bhasa | ||
| 942 |
_2ddc _cBK |
||
| 999 |
_c41380 _d41380 |
||